000 00961nam a2200277Ia 4500
003 OSt
005 20220924124300.0
006 a|||||r|||| 00| 0
007 ta
008 220923b |||||||| |||| 00| 0 urd d
020 _a9789387510135 (pbk)
020 _cINR 180.00
024 _a353974
037 _bTB4999, 29/12/2021, Technical Bureau India Pvt. Ltd.
_cTextual
040 _aARTS
_cARTS
_burd
041 _2urd
_aurd
082 _aV46xH32, 168F6;Q3.1-.2
100 _aKhildoon Abdurrehman Ibne Au.
_9195376
245 0 _aTareekh-e-ibne khildoon
260 _aNew Delhi
_b NCPUL India
_c2013
300 _a357p.
_ccm.
650 _aARAB - HISTORY
_929528
700 _a Usmani Hakeem Ahmad Hussain Tr.
_9195377
942 _hV46xH32, 168F6;Q3.1-.2
_cTEXL
_2CC
999 _c419116
_d419116